Geography Quiz

Random Geography or State Quiz
Score 0/10 Timer 03:00
0 Plays Today
Question Answer Wrong Answers
Which state is the smallest? Maryland
83.3%
West Virginia
5.6%
Maine
11.1%
Kentucky
0%
Which state is the smallest? Massachusetts
77.8%
South Carolina
11.1%
Tennessee
0%
Indiana
5.6%
Which state is the smallest? Oregon
61.1%
Nevada
5.6%
Colorado
22.2%
Arizona
5.6%
Which territory is the smallest? Guam
50%
American Samoa
11.1%
US Virgin Islands
27.8%
Puerto Rico
5.6%
Which state is the smallest? Virginia
44.4%
Louisiana
33.3%
Pennsylvania
0%
Ohio
22.2%
Which state is the smallest? Nebraska
44.4%
Utah
16.7%
Idaho
16.7%
Minnesota
16.7%
Which state is the smallest? Wisconsin
38.9%
North Dakota
5.6%
Missouri
27.8%
Florida
22.2%
Which state is the smallest? New York
38.9%
Illinois
22.2%
Georgia
11.1%
Wisconsin
27.8%
Which state is the smallest? Alabama
16.7%
Iowa
27.8%
New York
22.2%
North Carolina
27.8%
Which state is the smallest? New Jersey
11.1%
Hawaii
50%
Vermont
27.8%
New Hampshire
11.1%
Remove Ads.
Support Sporcle.
Get the best of Sporcle when you Go Orange. This ad-free experience offers more features, more stats, and more fun while also helping to support Sporcle. Thank you for becoming a member.

You're not logged in!

Compare scores with friends on all Sporcle quizzes.
OR
Log In

Show Comments

Extras

Created Dec 17, 2018ReportNominate
Tags:State Quiz, smallest

Top Quizzes Today


Score Distribution

Your Account Isn't Verified!

In order to create a playlist on Sporcle, you need to verify the email address you used during registration. Go to your Sporcle Settings to finish the process.

Report this User

Report this user for behavior that violates our Community Guidelines.

Details: